000 00497ntaaa2200193 4500
003 01
005 20251027202851.0
008 0714s1973 ag 01
040 _aAR-BaBN
_bspa
_cAR-BaBN
_eaacr
_dRIC
082 _a269.0000 V61
100 _aVersteeg, Robert John
_929213
245 _aThe gracious calling of the Lord
250 _a1 ed.
260 _aNew York :
_bAbingdon Press,
_cc1960
300 _a142 p
500 _aThe dynamics of evangelism
650 _aevangelismo
_9336
942 _cBK
999 _c24043
_d24043